00828cam a2200241 a 4500001000500000005001700005020001500022040002300037050001500060082001600075100001600091245007600107250001800183260003300201300004600234505000800280520015600288521002000444521002000464650003300484650003400517700003500551168220240108135048.0 a0545484312 aDLCcDLCdDLCbeng00aPS586.P63400a811.008222 aKatz, Bobbi00aPocket poems /cselected by Bobbi Katz ; illustrated by Marylin Hafner. aFirst Edition aNew York :bScholasticc2004 a28 pages : bcolor illustrations ;c27 cm aN  aA collection of short poems by such authors as: Gwendolyn Brooks, Emily Dickinson, Emily George, Nikki Giovanni, Eve Merriam, and Charlotte Pomerantz. a530 bLexile  aN bRaz-Plus  0aChildren's poetry, American. 1aAmerican poetryvCollections.1 aHafner, Marylin,eillustrator